| 000 | 02116nam a2200337 i 4500 | ||
|---|---|---|---|
| 001 | nkc20243606738 | ||
| 003 | CZ PrSKC | ||
| 005 | 20260507091159.0 | ||
| 007 | ta | ||
| 008 | 240517s2024 xr g 000 f cze | ||
| 020 | _a9788076893825 | ||
| 040 |
_aABG001 _bcze _erda |
||
| 041 | 1 |
_acze _heng |
|
| 072 | 7 |
_a821.111-3 _xAnglická próza, anglicky psaná _2Konspekt |
|
| 080 |
_a821.111-31 _2MRF |
||
| 080 |
_a(0:82-311.6) _2MRF |
||
| 100 | 1 |
_aNguyễn, Phan Quế Mai, _d1973- _4aut _918574 |
|
| 240 | 1 | 0 |
_aDust child. _lČesky |
| 245 | 1 | 0 |
_aDítě prachu / _cNguyễn Phan Quế Mai ; z anglického originálu Dust child ... přeložila Bronislava Grygová |
| 250 | _aPrvní vydání | ||
| 264 | 1 |
_aV Brně : _bJota, _c2024 |
|
| 300 |
_a302 stran ; _c22 cm |
||
| 520 | 2 |
_aPříběh o rodinných tajemstvích, potlačovaných traumatech i nekonečné síle odpuštění, který začíná během války ve Vietnamu a pokračuje i mnoho let poté. _bRoku 1969 se sestry Trang a Quynh rozhodnou odejít z rodné vesnice za prací do Saigonu, aby pomohly rodičům splatit dluhy. Zaměstnat se nechají v baru, kde mají flirtovat s americkými vojáky (a sem tam i něco víc) a přimět je co nejvíce utrácet. Netrvá to dlouho a stydlivá Trang se bezhlavě zamiluje do mladého a okouzlujícího pilota vrtulníku Dana. Krutá doba však jejich lásce nepřeje. O několik desetiletí později se Dan vrací do Vietnamu se svou manželkou Lindou. Doufá, že si tak zahojí staré rány a vyřeší i svá tajemství z minulosti. Ve stejné době se Phong, syn afroamerického vojáka a Vietnamky, snaží se svou ženou a dvěma dětmi dostat do USA, kde by rád rodině zajistil lepší život. Sám vyrůstal v sirotčinci, na nějž nemá právě dobré vzpomínky. Byl přece synem nepřítele. Dítětem prachu. Nakladatelská anotace. Kráceno. |
|
| 655 | 7 |
_aanglicky psané romány _91502 |
|
| 655 | 7 | _ahistorické romány | |
| 655 | 9 |
_afiction in English _92500 |
|
| 655 | 9 | _ahistorical novels | |
| 700 | 1 |
_aGrygová, Bronislava, _d1959- _4trl _97352 |
|
| 910 | _aABG508 | ||
| 999 |
_c34257 _d34257 |
||